=LDR 00000nam 2200000 4500 =001 INLIS000000000027872 =005 20130612130221 =008 ***********************************Ind** =035 ##$$0010-061300000027872 =041 ##$$a Ind =082 ##$$a 614.4 =090 ##$$a 614.4, Gan b =100 ##$$a Gani, Zainal =245 ##$$a Bebas segala penyakit dengan VCO, Zainal Gani, Yuni Harlinawati, Dede =260 ##$$a 2005 $b Jakarta =300 ##$$a vi,61 hlm, 25 cm =650 ##$$a Kesehatan masyarakat =700 ##$$a Harlinawati, Yuni =850 ##$$a NBPNMAT